000 00459nam a22001817a 4500
003 MPLRDC
005 20220104124718.0
008 210129b ||||| |||| 00| 0 eng d
020 _a967-84-0031-6
082 _a859.6 ETKH v.4
100 _a石冷著
245 _a水中人
_c
260 _a
_b大传出版有限公司
_c
300 _b
490 _a儿童科幻图画故事丛书
650 _a儿童科幻图画故事
942 _cBK
_o859.6 ETKH v.4
999 _c21544
_d21534